Stratégia distribučnej politiky a manažment

Recenzia publikácie DAŇO, Ferdinand - RICHTEROVÁ, Kornélia: Stratégia distribučnej politiky a manažment. Bratislava: Sprint, 1997. Štruktúra knihy je členená do desiatich kapitol, ktorých obsahom sú okruhy: distribúcia a jej postavenie, relevantné oblasti rozhodovania a postup tvorby distribučného d...

Descripción completa

Guardado en:
Detalles Bibliográficos
Autor principal: Labská, Helena
Formato: Capítulo de libro
Lenguaje:eslovaco
Materias:
Etiquetas: Agregar Etiqueta
Sin Etiquetas, Sea el primero en etiquetar este registro!

MARC

LEADER 00000naa a2200000 4500
001 r030733
005 20230921122929.5
041 0 |a slo 
044 |a SK 
245 1 0 |a Stratégia distribučnej politiky a manažment  |c Helena Labská 
520 |a Recenzia publikácie DAŇO, Ferdinand - RICHTEROVÁ, Kornélia: Stratégia distribučnej politiky a manažment. Bratislava: Sprint, 1997. Štruktúra knihy je členená do desiatich kapitol, ktorých obsahom sú okruhy: distribúcia a jej postavenie, relevantné oblasti rozhodovania a postup tvorby distribučného dizajnu s hodnotením jeho funkčnosti. 
610 2 0 |a recenzie 
610 2 0 |a distribúcia 
610 2 0 |a stratégia podniková 
610 2 0 |a rozhodovanie 
610 2 0 |a kanály distribučné 
610 2 0 |a akvizícia 
610 2 0 |a logistika 
610 2 0 |a dizajn 
100 1 |a Labská, Helena